000 00325nam a2200121Ia 4500
008 191201s2019 xx 000 0 und d
100 _aKumar,Sokindra & Other
245 0 _aHuman Anatomy & Physiology
260 _bR.NARAIN Pub.
_aNew Delhi
_c2019
300 _a200
650 _aHuman Anatomy & Physiology
942 _2ddc
_cBK
_05
999 _c8324
_d8324